Manakib

Bibliographic Details
Main Author: عبد القادر الجيلاني (Author)
Format: Book
Published: [1956?]
Subjects:

MARC

LEADER 00000cam a2200000 7i4500
001 0000004270
005 20070924093000.0
008 021118s1956
090 0 0 |a BP88   |b .M21 
100 0 |a عبد القادر الجيلاني ,   |e author 
245 1 0 |a Manakib   |c Syeikh Abdul Kadir al-Jaylani 
260 2 |c [1956?] 
300 |a 100 p. ;   |c 22 cm. 
600 0 0 |a Abd al-Qadir al-Jilani ,   |d d. 1166 
650 0 |a Sufism   |v Early works to 1800 
999 |a 1000001985   |b Book   |c OPEN SHELF (30 DAYS)   |e Gong Badak Campus